000 00633nam a2200229Ia 4500
003 OSt
005 20220923220256.0
006 a|||||r|||| 00| 0
007 ta
008 220922b |||||||| |||| 00| 0 hin d
024 _a185,619
037 _cTextual
040 _aARTS
_cARTS
_bhin
041 _2hin
_ahin
082 _aY1:1v2, 152J5
100 _aगुलाबराय
_9156277
245 0 _aसंस्कृति की रूपरेखा
246 _aSanskṛuti kī rūparekhā
260 _c1955
942 _hY1:1v2, 152J5
_cTEXL
_2CC
999 _c338865
_d338865